Kliochinol - ligand nových komplexov paládia s protinádorovým účinkom bakalárska práca

Salvato in:
Dettagli Bibliografici
Autore principale: Balašková, Tatiana
Natura: Libro
Lingua:slovacco
Pubblicazione: Bratislava STU FCHPT 2016
Accesso online:Visualizza in OPAC
Tags: Aggiungi Tag
Nessun Tag, puoi essere il primo ad aggiungerne!!

MARC

LEADER 00000nam a2200000 a 4500
005 20260127133956.0
008 160811 2016 000 0 slo d
035 |a vtls011572582 
039 9 |y 201608110954  |z mschk03 
040 |a STUSCHK1  |b slo  |c STUSCHK1  |e AACR2 
100 1 |a Balašková, Tatiana 
245 1 |a Kliochinol - ligand nových komplexov paládia s protinádorovým účinkom  |b bakalárska práca  |c Tatiana Balašková 
260 |a Bratislava  |b STU FCHPT  |c 2016 
300 |a 52 s.  |b il.  |c 25 cm 
500 |a Študijný program: biotechnológia a potravinárska technológia 
500 |a Študijný odbor: biotechnológie 
500 |a Školiace pracovisko: Odd. biochémie a mikrobiológie 
500 |a Evid. číslo: FCHPT-13567-63627 
910 |a SCHK95 
999 |c 1301  |d 1301